[Event "Toronto int"]
[Site "Toronto"]
[Date "1984.07.25"]
[Round "6"]
[White "Kazerani, Masood"]
[Black "Gillies, David"]
[Result "1-0"]
[WhiteElo "1581"]
[BlackElo "1559"]
[PlyCount "69"]
[EventDate "1984.07.21"]
[EventType "tourn"]
[EventRounds "10"]
[EventCountry "CAN"]
[SourceTitle "EXT 2022"]
[Source "ChessBase"]
[SourceDate "2021.10.06"]
[SourceVersion "1"]
[SourceVersionDate "2021.10.06"]
[SourceQuality "1"]

1. e4 c5 2. Nf3 d6 3. c3 Nc6 4. Bb5 Bd7 5. d4 e6 6. 0-0 Be7 7. b3 Nf6 8. Nbd2 0-0 9. Bb2 a6 10. Bd3 d5 11. exd5 Nxd5 12. Qc2 Nf6 13. Ng5 g6 14. Ndf3 Qc7 15. dxc5 Bxc5 16. c4 e5 17. a3 Rfe8 18. Rae1 Rad8 19. Ne4 Nxe4 20. Bxe4 Nd4 21. Qc1 Nxb3 22. Qh6 Bf8 23. Qh4 Bg7 24. Bd5 h6 25. Re2 Kh7 26. Rfe1 f6 27. Bxe5 fxe5 28. Ng5+ Kh8 29. Nf7+ Kh7 30. Rxe5 Rc8 31. Re7 Rxe7 32. Rxe7 Re8 33. Ng5+ Kh8 34. Qxh6+ Bxh6 35. Rh7# 1-0